LEADER 01152nam2 2200361 450 001 990003637960203316 005 20120313141824.0 010 $a978-88-14-15729-4 035 $a000363796 035 $aUSA01000363796 035 $a(ALEPH)000363796USA01 035 $a000363796 100 $a20120313d2011----km-y0itay50------ba 101 $aita 102 $aIT 105 $a||||||||001yy 200 1 $a<>institutio ex re certa$econtributo per una rilettura critica degli articoli 457 e 588 del Codice civile$fFrancesco Gerbo 210 $aMilano$cGiuffré$d2011 215 $aVIII, 185 p.$d24 cm 225 2 $aQuaderni di studi senesi$v122 410 0$1001000315203$aQuaderni di Studi senesi$v, 122$12001 606 0 $aSuccessione testamentaria 676 $a346.45054 700 1$aGERBO,$bFrancesco$0240116 801 0$aIT$bsalbc$gISBD 912 $a990003637960203316 951 $aXXX.A. Coll. 112/ 80$b73378 G.$cXXX.A. Coll.$d00308171 959 $aBK 969 $aGIU 979 $aCHIARA$b90$c20120313$lUSA01$h1315 979 $aCHIARA$b90$c20120313$lUSA01$h1418 996 $aInstitutio ex re certa$91137875 997 $aUNISA LEADER 01103cam0-2200373---450- 001 990004093990403321 005 20090921160856.0 010 $a2-04-015365-9 035 $a000409399 035 $aFED01000409399 035 $a(Aleph)000409399FED01 035 $a000409399 100 $a19990604d1988----km-y0itay50------ba 101 0 $afre 102 $aFR 105 $aa-------00-y- 200 1 $aCarnavals et mascarades$fsous la direction de Pier Giovanni d'Ayala et Martine Boiteux$gpréface de Marc Auge$gTeresa Ambrozewicz ... [et al.] 210 $aParis$cBordas$d1988 215 $a191 p.$cill. color.$d33 cm 610 0 $aCarnevale 610 0 $aMaschere 676 $a394.25$v22$zita 702 1$aD'Ayala,$bPier Giovanni 702 1$aBoiteux,$bMartine 702 1$aAmbrozewics,$bTeresa 702 1$aBrednich,$bRolf Wilhelm 702 1$aAugé,$bMarc$f<1935- > 801 0$aIT$bUNINA$gRICA$2UNIMARC 901 $aBK 912 $a990004093990403321 952 $a394.25 AMB 1$bDFM.3878$fFLFBC 959 $aFLFBC 996 $aCarnavals et mascarades$9477652 997 $aUNINA